[Event "EU-Cup 35th"]
[Site "Ulcinj"]
[Date "2019.11.16"]
[Round "7.23"]
[White "Kosmo, Santul"]
[Black "Kjartansson, David"]
[Result "0-1"]
[WhiteElo "2265"]
[BlackElo "2385"]
[PlyCount "126"]
[EventDate "2019.11.10"]
[EventType "team-swiss"]
[EventRounds "7"]
[EventCountry "MNE"]
[SourceTitle "EXT 2021"]
[Source "ChessBase"]
[SourceDate "2020.10.23"]
[SourceVersion "1"]
[SourceVersionDate "2020.10.23"]
[SourceQuality "1"]
[WhiteTeam "Ninja"]
[BlackTeam "Viking CC"]
[WhiteTeamCountry "FIN"]
[BlackTeamCountry "ISL"]

1. e4 c5 2. Nf3 d6 3. d4 cxd4 4. Nxd4 Nf6 5. Nc3 g6 6. Be3 a6 7. f3 b5 8. Qd2 Bb7 9. a4 e5 10. Nb3 b4 11. Nd5 Nxd5 12. exd5 Nd7 13. c4 bxc3 14. bxc3 Bg7 15. Be2 0-0 16. 0-0 Rc8 17. c4 f5 18. Rfd1 f4 19. Bf2 Nf6 20. Qb4 Ba8 21. c5 dxc5 22. Nxc5 a5 23. Qb3 Rb8 24. Qa2 Qd6 25. Ne4 Nxe4 26. fxe4 Bf6 27. Rac1 Bd8 28. Rc6 Qb4 29. Re6 Bb6 30. Rxb6 Rxb6 31. d6+ Kg7 32. Qe6 Qxe4 33. Bf3 Rb1 34. Bxe4 Rxd1+ 35. Be1 Rxe1+ 36. Kf2 Rxe4 37. d7 f3 38. Qe7+ Rf7 39. gxf3 Rxe7 40. d8Q Rf7 41. Qxa8 Rxa4 42. Qe8 Raf4 43. Qxe5+ R7f6 44. Qxa5 Rxf3+ 45. Ke2 Rf2+ 46. Ke3 R6f3+ 47. Ke4 Rf4+ 48. Ke3 Rf7 49. Qe5+ R2f6 50. h4 h5 51. Ke2 Kh7 52. Ke3 Rf1 53. Qd6 Re1+ 54. Kd2 Ree7 55. Kc2 Rc7+ 56. Kb3 Rb7+ 57. Ka4 Rb1 58. Qd4 Rfb7 59. Ka3 Ra1+ 60. Qxa1 Ra7+ 61. Kb2 Rxa1 62. Kxa1 g5 63. Kb2 gxh4 0-1

[Event "EU-Cup 35th"]
[Site "Ulcinj"]
[Date "2019.11.10"]
[Round "1.17"]
[White "Kosmo, Santul"]
[Black "Diermair, Andreas"]
[Result "1/2-1/2"]
[WhiteElo "2265"]
[BlackElo "2475"]
[PlyCount "67"]
[EventDate "2019.11.10"]
[EventType "team-swiss"]
[EventRounds "7"]
[EventCountry "MNE"]
[SourceTitle "CBM 193 Extra"]
[Source "ChessBase"]
[SourceDate "2020.01.31"]
[SourceVersion "1"]
[SourceVersionDate "2020.01.31"]
[SourceQuality "1"]
[WhiteTeam "Ninja"]
[BlackTeam "Raika Feffernitz"]
[WhiteTeamCountry "FIN"]
[BlackTeamCountry "AUT"]

1. e4 e5 2. f4 exf4 3. Nf3 g5 4. h4 g4 5. Ne5 d6 6. Nxg4 Be7 7. d4 Bxh4+ 8. Nf2 Bg3 9. Qf3 Qf6 10. Nc3 Qxd4 11. Bxf4 Bxf4 12. Qxf4 Be6 13. Rd1 Qf6 14. Qe3 Ne7 15. Kd2 Nbc6 16. Kc1 a6 17. Nd5 Bxd5 18. exd5 Ne5 19. Ne4 Qg7 20. Rh5 h6 21. Be2 f5 22. Nc3 Rg8 23. Kb1 Qxg2 24. Qxh6 Qg6 25. Qe3 Kd7 26. Na4 b6 27. Rh6 Qg5 28. Nxb6+ cxb6 29. Rxd6+ Kxd6 30. Qxb6+ Kd7 31. Qb7+ Kd6 32. Qb6+ Kd7 33. Qb7+ Kd6 34. Qb6+ 1/2-1/2

[Event "Hamina We Bastion A"]
[Site "Hamina"]
[Date "2017.09.24"]
[Round "5"]
[White "Kosmo, Santul"]
[Black "Puuska, Heini"]
[Result "1-0"]
[WhiteElo "2201"]
[BlackElo "1960"]
[PlyCount "43"]
[EventDate "2017.09.23"]
[EventType "swiss"]
[EventRounds "5"]
[EventCountry "FIN"]
[SourceTitle "EXT 2022"]
[Source "ChessBase"]
[SourceDate "2021.10.06"]
[SourceVersion "1"]
[SourceVersionDate "2021.10.06"]
[SourceQuality "1"]

1. e4 c5 2. Nf3 e6 3. Nc3 Nc6 4. d4 cxd4 5. Nxd4 Qc7 6. Be3 a6 7. a3 Nf6 8. g4 h5 9. gxh5 Rxh5 10. Qe2 Rh8 11. 0-0-0 b5 12. Bg2 b4 13. axb4 Bxb4 14. Nd5 Nxd5 15. exd5 Nxd4 16. Bxd4 Bb7 17. dxe6 Bxg2 18. exd7+ Kf8 19. Qg4 Bxh1 20. Bxg7+ Ke7 21. Qg5+ Ke6 22. Qf6# 1-0

[Event "Hamina We Bastion A"]
[Site "Hamina"]
[Date "2017.09.23"]
[Round "2"]
[White "Kasparov, Sergey"]
[Black "Kosmo, Santul"]
[Result "1-0"]
[WhiteElo "2470"]
[BlackElo "2201"]
[PlyCount "53"]
[EventDate "2017.09.23"]
[EventType "swiss"]
[EventRounds "5"]
[EventCountry "FIN"]
[SourceTitle "EXT 2022"]
[Source "ChessBase"]
[SourceDate "2021.10.06"]
[SourceVersion "1"]
[SourceVersionDate "2021.10.06"]
[SourceQuality "1"]

1. e4 c5 2. Nf3 e6 3. d4 cxd4 4. Nxd4 Nf6 5. Nc3 d6 6. g4 a6 7. g5 Nfd7 8. Bg2 Qb6 9. a3 Nc6 10. Be3 Qc7 11. Qe2 Na5 12. 0-0 Be7 13. Rad1 0-0 14. f4 Re8 15. f5 Bf8 16. fxe6 fxe6 17. Nxe6 Rxe6 18. Qf2 Re7 19. e5 Qd8 20. Bd5+ Kh8 21. e6 Nc6 22. Ne4 Nce5 23. Bb6 Qe8 24. Nxd6 Rxe6 25. Nxe8 Rxe8 26. Bd4 Bd6 27. Rde1 1-0

[Event "Pardubice Czech op-A 28th"]
[Site "Pardubice"]
[Date "2017.07.26"]
[Round "6"]
[White "Kosmo, Santul"]
[Black "Kaczur, Florian"]
[Result "0-1"]
[WhiteElo "2168"]
[BlackElo "2433"]
[PlyCount "110"]
[EventDate "2017.07.21"]
[EventType "swiss"]
[EventRounds "9"]
[EventCountry "CZE"]
[SourceTitle "CBM 179 Extra"]
[Source "ChessBase"]
[SourceDate "2017.08.23"]
[SourceVersion "1"]
[SourceVersionDate "2017.08.23"]
[SourceQuality "1"]

1. e4 e5 2. f4 exf4 3. Nf3 Ne7 4. d4 d5 5. Nc3 dxe4 6. Nxe4 Nd5 7. Bc4 Be7 8. 0-0 0-0 9. Ne5 Be6 10. Bb3 Nd7 11. Nd3 c6 12. Nxf4 Nxf4 13. Bxf4 Bxb3 14. axb3 Nf6 15. Nxf6+ Bxf6 16. c3 Qd5 17. b4 Rfe8 18. Re1 a6 19. Qd2 h5 20. Ra5 Rxe1+ 21. Qxe1 Qd7 22. Be5 Re8 23. Qg3 h4 24. Qf3 Bd8 25. Ra1 f6 26. Bf4 g5 27. Bd2 Kg7 28. Rf1 Qd5 29. Qxd5 cxd5 30. Rf5 Re2 31. Rf2 Re6 32. h3 Kg6 33. Kf1 Re4 34. Re2 Kf5 35. Be3 Bc7 36. Ke1 b5 37. Kd2 Kg6 38. Kd3 f5 39. b3 Re6 40. Rc2 Rc6 41. c4 g4 42. c5 Re6 43. Rf2 g3 44. Rf1 Re4 45. Ra1 f4 46. Bd2 f3 47. Rxa6+ Kf5 48. gxf3 Re8 49. Ra1 Bf4 50. Bxf4 Kxf4 51. Ra7 g2 52. Rg7 Kxf3 53. c6 Kf2 54. Rf7+ Kg3 55. Rg7+ Kh2 0-1

[Event "Pardubice Czech op-A 28th"]
[Site "Pardubice"]
[Date "2017.07.23"]
[Round "3"]
[White "Potapov, Alexander1111"]
[Black "Kosmo, Santul"]
[Result "1-0"]
[WhiteElo "2402"]
[BlackElo "2168"]
[PlyCount "59"]
[EventDate "2017.07.21"]
[EventType "swiss"]
[EventRounds "9"]
[EventCountry "CZE"]
[SourceTitle "CBM 179 Extra"]
[Source "ChessBase"]
[SourceDate "2017.08.23"]
[SourceVersion "1"]
[SourceVersionDate "2017.08.23"]
[SourceQuality "1"]

1. d4 Nf6 2. c4 c5 3. d5 e6 4. Nc3 exd5 5. cxd5 d6 6. e4 g6 7. h3 Bg7 8. Nf3 0-0 9. Bd3 b5 10. Nxb5 Re8 11. Nd2 Nxe4 12. Bxe4 Ba6 13. a4 Qa5 14. Qe2 Bxb5 15. Qxb5 Rxe4+ 16. Kd1 Qxb5 17. axb5 Rb4 18. Re1 Nd7 19. Re7 Nb6 20. Raxa7 Rxa7 21. Rxa7 Rxb5 22. Nc4 h5 23. Rb7 Rb4 24. Nxb6 Bxb2 25. Bd2 Re4 26. f3 Rh4 27. Nc8 Be5 28. Ne7+ Kg7 29. Nc6 Bf6 30. f4 1-0

[Event "FIN-chT 1617"]
[Site "Finland"]
[Date "2017.03.11"]
[Round "10.6"]
[White "Kosmo, Santul"]
[Black "Soderberg, Stefan"]
[Result "1-0"]
[WhiteElo "2181"]
[BlackElo "1958"]
[PlyCount "77"]
[EventDate "2016.09.17"]
[EventType "team-tourn"]
[EventRounds "11"]
[EventCountry "FIN"]
[SourceTitle "EXT 2018"]
[Source "ChessBase"]
[SourceDate "2017.10.13"]
[SourceVersion "1"]
[SourceVersionDate "2017.10.13"]
[SourceQuality "1"]
[WhiteTeam "Helsinki Velhot"]
[BlackTeam "Karjaa KarjUra"]
[WhiteTeamCountry "FIN"]
[BlackTeamCountry "FIN"]

1. e4 g6 2. d4 Bg7 3. Nc3 d6 4. f4 e6 5. Nf3 a6 6. Bd3 Ne7 7. 0-0 d5 8. e5 h5 9. Ne2 c6 10. c3 Nd7 11. Ng5 Nf8 12. Be3 Nf5 13. Bf2 Nh7 14. Nf3 b5 15. a4 Bd7 16. Ng3 0-0 17. Ne2 Qe7 18. h3 Kh8 19. g3 Rfb8 20. axb5 cxb5 21. Kg2 Nh6 22. Rh1 Bf8 23. g4 Be8 24. gxh5 gxh5 25. Bh4 Qc7 26. Qc2 Nf5 27. Bxf5 exf5 28. Qxf5 Rb6 29. Kf2 Bg7 30. Rhg1 f6 31. Rg3 Qd7 32. Qd3 Bh6 33. f5 Qe7 34. Rag1 Bf7 35. e6 Bg8 36. Rg6 Bg7 37. Rxg7 Qxg7 38. Rxg7 Kxg7 39. Nf4 1-0

[Event "Rilton Cup 45th"]
[Site "Stockholm"]
[Date "2015.12.30"]
[Round "4"]
[White "Kosmo, Santul"]
[Black "Henriksson, Johan"]
[Result "1-0"]
[WhiteElo "2202"]
[BlackElo "2286"]
[PlyCount "57"]
[EventDate "2015.12.27"]
[EventType "swiss"]
[EventRounds "9"]
[EventCountry "SWE"]
[SourceTitle "CBM 170 Extra"]
[Source "ChessBase"]
[SourceDate "2016.02.25"]
[SourceVersion "1"]
[SourceVersionDate "2016.02.25"]
[SourceQuality "1"]

1. e4 c6 2. d4 d5 3. Nd2 dxe4 4. Nxe4 Nf6 5. Nxf6+ gxf6 6. Nf3 Na6 7. Be2 Rg8 8. 0-0 Bh3 9. Nh4 Qd7 10. Kh1 Bg4 11. f3 Be6 12. Bxa6 bxa6 13. Qd3 f5 14. Bf4 Bg7 15. Qxa6 Bf6 16. g3 Bxh4 17. gxh4 f6 18. Rad1 Kf7 19. Qe2 Rg7 20. c4 Rag8 21. b3 h5 22. Rfe1 Rg2 23. Qe3 R2g7 24. Re2 Rd8 25. Rde1 Ke8 26. Qxe6 Qxe6 27. Rxe6 Rxd4 28. Be3 Rxh4 29. Bc5 1-0

[Event "FIN-chT 1415"]
[Site "Finland"]
[Date "2014.09.27"]
[Round "1.6"]
[White "Fieandt, John"]
[Black "Kosmo, Santul"]
[Result "1/2-1/2"]
[WhiteElo "2181"]
[BlackElo "2227"]
[PlyCount "45"]
[EventDate "2014.09.27"]
[EventType "team-tourn"]
[EventRounds "11"]
[EventCountry "FIN"]
[SourceTitle "EXT 2016"]
[Source "ChessBase"]
[SourceDate "2015.10.08"]
[SourceVersion "1"]
[SourceVersionDate "2015.10.08"]
[SourceQuality "1"]
[WhiteTeam "Helsinki HSK"]
[BlackTeam "Porvoo Velhot"]
[WhiteTeamCountry "FIN"]
[BlackTeamCountry "FIN"]

1. d4 Nf6 2. c4 c5 3. d5 e6 4. Nc3 exd5 5. cxd5 d6 6. Nf3 g6 7. g3 Bg7 8. Bg2 0-0 9. 0-0 a6 10. a4 Re8 11. Nd2 Nbd7 12. h3 Rb8 13. Nc4 Nb6 14. Na3 Bd7 15. Re1 Qc7 16. Bf4 Nh5 17. a5 Nxf4 18. axb6 Qxb6 19. gxf4 Qxb2 20. Ne4 Qxa1 21. Qxa1 Bxa1 22. Rxa1 Kg7 23. e3 1/2-1/2

[Event "FIN Team Cup"]
[Site "Finland"]
[Date "2014.09.07"]
[Round "5.7"]
[White "Kosmo, Santul"]
[Black "Salimaki, Janne"]
[Result "0-1"]
[WhiteElo "2224"]
[BlackElo "2154"]
[PlyCount "52"]
[EventDate "2014.03.29"]
[EventType "team-k.o."]
[EventRounds "6"]
[EventCountry "FIN"]
[SourceTitle "EXT 2022"]
[Source "ChessBase"]
[SourceDate "2021.10.06"]
[SourceVersion "1"]
[SourceVersionDate "2021.10.06"]
[SourceQuality "1"]
[WhiteTeam "Velhot"]
[BlackTeam "Espoo MatSK"]
[WhiteTeamCountry "FIN"]
[BlackTeamCountry "FIN"]

1. e4 g6 2. d4 Bg7 3. Nc3 c6 4. Be3 Qb6 5. Qd2 Qxb2 6. Rb1 Qa3 7. Nf3 d6 8. Bd3 Qa5 9. 0-0 Nf6 10. Rb3 0-0 11. Bh6 Nbd7 12. Re1 e5 13. dxe5 dxe5 14. Nd5 Qxd2 15. Ne7+ Kh8 16. Bxd2 Nc5 17. Rbb1 Be6 18. Nxe5 Rfe8 19. N7xc6 bxc6 20. Nxc6 Bd7 21. Nb4 Nfxe4 22. Be3 a5 23. Nd5 Nxd3 24. cxd3 Nc3 25. Nxc3 Bxc3 26. Rec1 Bf6 0-1